000 01024nam a2200277 a 4500
001 000013928
005 20200929163414.0
008 091202s2006 cu a 001 0 spa d
020 _a9590903282
040 _aDO-SdBNP
_bspa
_cBNPHU
082 _a299.6
_bF385s
100 1 _aFerrer Castro, Armando
_931562
245 1 0 _aShangó :
_bmitopoema del fuego /
_cArmando Ferrer Castro ; edición Mayda Argüelles Mauri.
260 _aLa Habana, Cuba :
_bJosé Martí,
_c2006.
300 _a115 p. :
_bil. ;
_c19 cm.
504 _aIncluye bibliografía y notas al pie de páginas.
504 _aBibliografía: p. 109-113.
650 4 _aCuba
_xReligión
_xEnsayos, conferencias, etc.
_931563
650 4 _aSantería
_xEnsayos, conferencias, etc.
_931564
650 4 _aSincretismo (religión)
_910400
650 4 _aReligión y cultura
_xEnsayos, conferencias, etc.
_931565
650 4 _aRitos y ceremonias
_931566
700 1 _aArgüelles Mauri, Mayda,
_eed.
_931567
910 _aValidado. Control de calidad EMS
049 _aBNPD
999 _c13533
_d13533